000 00481nam a2200157Ia 4500
008 231217s9999 xx 000 0 und d
041 _aEnglish
082 _a001.535 LUG
100 _aLuger, George F
245 0 _aArtificial intelligence : structures and strategies for complex problem solving
250 _a4th ed.
260 _c2002
_bPearson
_aNew Delhi
300 _axxiii+856
650 _aArtificial,intelligence,:,structures,strategies,complex,solving
942 _cAA
999 _c176328
_d176328